| Tag |
First Indicator |
Second Indicator |
Subfields |
| LEADER |
00000pam a2200000 a 4500 |
| 001 |
in00000080243 |
| 005 |
20151008060904.0 |
| 008 |
811001s1981 maub b 00110 eng |
| 010 |
|
|
|a 81052999
|
| 020 |
|
|
|a 0933346336 :
|c $29.95
|
| 020 |
|
|
|a 0521244676 (Cambridge University Press)
|
| 035 |
|
|
|a (OCoLC)07923505
|
| 035 |
|
|
|9 AAJ6818AM
|
| 039 |
0 |
|
|a 2
|b 3
|c 3
|d 3
|e 3
|
| 040 |
|
|
|a DLC
|c DLC
|d TXA
|d UtOrBLW
|
| 049 |
|
|
|a TXAC
|c [1502732]
|
| 050 |
0 |
0 |
|a QB65
|b .T54 1981
|
| 082 |
0 |
|
|a 523.8/9
|2 19
|
| 100 |
1 |
|
|a Tirion, Wil.
|
| 245 |
1 |
0 |
|a Sky atlas 2000.0 :
|b 26 star charts, covering both hemispheres /
|c Wil Tirion.
|
| 250 |
|
|
|a Deluxe ed.
|
| 264 |
|
1 |
|a Cambridge, Mass. :
|b Cambridge University Press :
|b Sky Pub. Corp.,
|c 1981.
|
| 300 |
|
|
|a 2 unnumbered folded pages, 26 folded leaves :
|b 26 maps ;
|c 41 cm.
|
| 336 |
|
|
|a text
|b txt
|2 rdacontent
|
| 337 |
|
|
|a unmediated
|b n
|2 rdamedia
|
| 338 |
|
|
|a volume
|b nc
|2 rdacarrier
|
| 500 |
|
|
|a Transparent overlay of projection grinds laid in.
|
| 500 |
|
|
|a Includes index to constellations and index maps to charts.
|
| 504 |
|
|
|a Bibliography: page [2].
|
| 650 |
|
0 |
|a Stars
|v Atlases.
|
| 999 |
|
|
|a MARS
|
| 999 |
f |
f |
|s 604f81cb-36b6-3350-b68e-bddfba41acd7
|i df804a1d-efbb-321f-b75e-5b114f26bb72
|t 0
|
| 952 |
f |
f |
|p noncirc
|a Texas A&M University
|b College Station
|c Sterling C. Evans Library
|d Evans: Maps (2nd floor)
|t 0
|e QB65 .T54 1981
|f Oversize
|h Library of Congress classification
|i unmediated -- volume
|m A14806060314
|
| 998 |
f |
f |
|a QB65 .T54 1981
|t 0
|l Evans: Maps (2nd floor)
|